Australian geography by letter: C - Statistics

General Stats
  • This quiz has been taken 83 times
  • The average score is 6 of 17
Answer Stats
Hint Answer % Correct
City designed by American architects Marion Mahony and Walter Burley Griffin Canberra
99%
Tropical city close to the Great Barrier Reef Cairns
80%
Tropic region south of the equator Capricorn
75%
Northernmost point of continental Australia Cape York
56%
This Australian territory is known for its offshore detention centre, and an annual migration of red land crabs Christmas Island
53%
Gulf between Arnhem Land and the Cape York Peninsula Carpentaria
43%
Underground town Coober Pedy
43%
Inner Melbourne suburb famed for its much loved and much loathed football team Collingwood
40%
Tropical town named after the first explorer to visit Cooktown
36%
70% of the population of this Australian territory speak Malay at home Cocos (Keeling) Islands
29%
Easternmost point of continental Australia Cape Byron
28%
One end of the popular Overland Track bushwalking route in Tasmania Cradle Mountain
12%
The highway (and partly freeway) that runs between Melbourne and Broken Hill Calder
11%
Site in Launceston featuring a suspension bridge, a funicular railway, and the longest single-span chairlift in the world Cataract Gorge
7%
The closest town to Sliding Spring Observatory, a centre for astronomic and astrophysics research Coonabarabran
7%
National Park in Queensland featuring limestone caves, Aboriginal rock art and abandoned mine smelters Chillagoe-Mungana Caves
1%
Large, heritage-listed strangler fig tree in the Atherton Tablelands Curtin Fig Tree
0%
No matching quizzes found
Score Distribution
Percent of People with Each Score
Percentile by Number Answered
Your Score History
You have not taken this quiz